| 000 | 00686nam a2200277 a 4500 | ||
|---|---|---|---|
| 003 | AR-BaBNM | ||
| 005 | 20251128202753.0 | ||
| 008 | 082120s2002 ||||||||||||||000 | spa|| | ||
| 040 | _cAR-BaBNM | ||
| 100 | 1 | _aScalabrini Ortiz, Raúl | |
| 245 | 0 | 0 | _aEl hombre que está solo y espera |
| 250 | _a7ª ed. | ||
| 260 |
_aBuenos Aires _bReconquista _c1941 |
||
| 300 | _a178 p. | ||
| 650 | 4 | _aLITERATURA ARGENTINA | |
| 650 | 4 | _aSOCIOLOGIA CULTURAL | |
| 650 | 4 | _aIDENTIDAD CULTURAL | |
| 650 | 4 | _aENSAYO | |
| 650 | 4 | _aESCRITORES | |
| 650 | 4 | _aIDENTIDAD NACIONAL | |
| 650 | 4 | _aCRITICA LITERARIA | |
| 653 | _aNARRATIVA | ||
| 655 | _aLITERATURA | ||
| 942 | _cBK | ||
| 998 | _cMARTIN | ||
| 999 |
_c487 _d487 |
||